书目信息 |
| 题名: |
傅雷家书
|
|
| 作者: | 傅雷 , 朱梅馥 著 ;傅敏 编 | |
| 分册: | ||
| 出版信息: | 南京 江苏凤凰文艺出版社 2015 |
|
| 页数: | 463页 | |
| 开本: | 19cm | |
| 丛书名: | ||
| 单 册: | ||
| 中图分类: | K825.6=72 , K825.6 , G78 | |
| 科图分类: | ||
| 主题词: | 教育--类型 | |
| 电子资源: | ||
| ISBN: | 978-7-5399-7012-7 | |
| 000 | 00921nam0 2200277 450 | |
| 001 | 2733 | |
| 005 | 20161205143729.34 | |
| 010 | @a978-7-5399-7012-7@b精装@dCNY58.00 | |
| 100 | @a20150803d2015 em y0chiy50 ea | |
| 101 | 0 | @achi |
| 102 | @aCN@b320000 | |
| 105 | @aa z 000ey | |
| 200 | 1 | @a傅雷家书@9fu lei jia shu@f傅雷,朱梅馥著@g傅敏编 |
| 210 | @a南京@c江苏凤凰文艺出版社@d2015 | |
| 215 | @a463页@c照片@d19cm | |
| 330 | @a本书以书信的形式全面展示傅雷家风,再现了傅氏兄弟成长的家教背景,家书中傅雷的家教家风,显现的底色是东西方文化的融合。 | |
| 600 | 0 | @a傅雷@f(1908-1966)@x书信集 |
| 606 | 0 | @a教育@x类型 |
| 690 | @aK825.6=72@v5 | |
| 690 | @aK825.6@v4 | |
| 690 | @aG78@v4 | |
| 701 | 0 | @a傅雷@9fu lei@f(1908~1966)@4著 |
| 701 | 0 | @a朱梅馥@9zhu mei fu@c(女,@f1913~1966)@4著 |
| 702 | 0 | @a傅敏@9fu min@f(1937.4~)@4编 |
| 801 | 0 | @aCN@b大连网信软件有限公司图书馆·11@c20161205 |
| 905 | @aZUCC@dG78@e11≈4 | |
| 傅雷家书/傅雷,朱梅馥著/傅敏编.-南京:江苏凤凰文艺出版社,2015 |
| 463页:照片;19cm |
| ISBN 978-7-5399-7012-7(精装):CNY58.00 |
| 本书以书信的形式全面展示傅雷家风,再现了傅氏兄弟成长的家教背景,家书中傅雷的家教家风,显现的底色是东西方文化的融合。 |
| ● |
| 相关链接 |
|
|
|
|
正题名:傅雷家书
索取号:G78/11≈4
 
预约/预借
| 序号 | 登录号 | 条形码 | 馆藏地/架位号 | 状态 | 备注 |
| 1 | 911005 | 209110059 | 第一样本阅览室/ [索取号:G78/11≈4] | 在馆 | |
| 2 | 911006 | 209110068 | 第四借阅区/ [索取号:G78/11≈4] | 在馆 | |
| 3 | 911007 | 209110077 | 第四借阅区/ [索取号:G78/11≈4] | 在馆 | |
| 4 | 911008 | 209110086 | 第四借阅区/ [索取号:G78/11≈4] | 在馆 | |
| 5 | 911009 | 209110095 | 第四借阅区/ [索取号:G78/11≈4] | 在馆 |